Digital communication system engineering with software defined radio (Record no. 71295)

000 -LEADER
fixed length control field 00457 a2200169 4500
003 - CONTROL NUMBER IDENTIFIER
control field NUST - PNEC
005 - DATE AND TIME OF LATEST TRANSACTION
control field 20170116181157.0
008 - FIXED-LENGTH DATA ELEMENTS--GENERAL INFORMATION
fixed length control field 160118b xxu||||| |||| 00| 0 eng d
020 ## - INTERNATIONAL STANDARD BOOK NUMBER
International Standard Book Number 9781608075256
040 ## - CATALOGING SOURCE
Transcribing agency LIBRARY
082 ## - DEWEY DECIMAL CLASSIFICATION NUMBER
Classification number 621.384 WYG
100 ## - MAIN ENTRY--PERSONAL NAME
Personal name Alexander M. Wyglinski
245 ## - TITLE STATEMENT
Title Digital communication system engineering with software defined radio
260 ## - PUBLICATION, DISTRIBUTION, ETC.
Date of publication, distribution, etc. 1st ed
650 ## - SUBJECT ADDED ENTRY--TOPICAL TERM
9 (RLIN) 16079
Topical term or geographic name entry element Software radio
General subdivision EPE
942 ## - ADDED ENTRY ELEMENTS (KOHA)
Source of classification or shelving scheme
Koha item type Book
Holdings
Withdrawn status Lost status Source of classification or shelving scheme Damaged status Not for loan Permanent Location Current Location Shelving location Date acquired Total Checkouts Full call number Barcode Date last seen Date last checked out Price effective from Koha item type
          Pakistan Navy Engineering College (PNEC) Pakistan Navy Engineering College (PNEC)     2 621.384 WYG PNECLIB-031949 04/28/2016 04/28/2016   Book
© 2023 Central Library, National University of Sciences and Technology. All Rights Reserved.